00677nam a2200169Ia 4500008004100000082001800041100006200059245012200121260003900243300001600282520001000298650002800308700003400336942001300370999001900383952010500402230907s9999||||xx |||||||||||||| ||und|| a621.3191bALI aMuhammad Ali Afzal (NUST-2012-60724-MCES-64112-F)9116305 0aRole of IPPs in energy sector of Pakistan, comparison with different countries and policies to ensure positive role / aUSPCAS-E, NUST,bIslamabad :c2015 avi, 7-46 p. aTH-26 aMS-ESE Thesis MS Thesis aDr Muhammad Bilal Khan919368 cTHE2ddc c601705d601705 00102ddc4070aCAS-EbCAS-Ed2019-07-24o621.3191 ALIpCAS-ETH0000026r2023-09-12w2023-09-12yTHE